=LDR 00000nam 2200000 4500 =001 INLIS000000000055525 =005 20200527090734 =035 ##$$a 0010-0520000023 =007 ta =008 200527################e##########0#ind## =082 ##$$a 2x4.1 =084 ##$$a 2x4.1 RAB h =100 1#$$a Raba, Manggaukang =245 1#$$a Haji : $b Catatan dan kenangan /$c H. Manggaukang Raba, Hj.Siti Chotijah =250 ##$$a cet.1 =260 ##$$a Mataram :$b Puang Ponro,$c 2002 =300 ##$$a 157 hlm., ; $c 14x20 cm =600 #4$$a Haji =990 ##$$a 00088092 =990 ##$$a 3200200785